000 00814nam a2200181Ia 4500
008 090630s9999 xx 000 0 und d
082 _b26907
100 _aआर्चर जेफ्री अनु. ठाकूर अजित.
245 _aसन्स ऑफ फॉर्च्युन.
_cआर्चर जेफ्री अनु. ठाकूर अजित.
260 _bमेहता - पुणे.
_c2005
300 _a496
600 _aआर्चर जेफ्री अनु. ठाकूर अजित.
630 _aसन्स ऑफ फॉर्च्युन.
655 _aकादंबरी.
700 _aआर्चर जेफ्री अनु. ठाकूर अजित.
730 _aसन्स ऑफ फॉर्च्युन.
942 _cBOOK
999 _c278763
_d278763